000 00639nam a22002177a 4500
003 UA-OsUOA
001 133414
007 ta
008 20181022b un ||||| |||| 00| 0 ukr d
100 _aЩербак А. В.
090 _a330(477)
_bЩ61
942 _cSA
040 _aUA-OsUOA
_bukr
_cUA-OsUOA
_dUA-OsUOA
245 _aКонкуренція як фактор економічного зростання: світовий досвід та українські реалії
300 _aС.3-16
955 _a0
041 _aukr
080 _a330(477)
773 0 _w133413
650 7 _a330 Економіка взагалі
_2UDC
999 _c422108
_d422108